| 000 | 00398nam a22001457a 4500 | ||
|---|---|---|---|
| 005 | 20200620125215.0 | ||
| 008 | 200620b xxu||||| |||| 00| 0 eng d | ||
| 082 | _a345.4 AIR | ||
| 110 |
_aALL INDIA REPORTER, _96264 |
||
| 245 | _aALL INDIA REPORTER, [MAY-2019] [5] VOL-106, [PART-1265] | ||
| 260 |
_aMUMBAI _bALL INDIA REPORTER,PVT. LTD. |
||
| 300 | _a88;p | ||
| 650 |
_aLAW _95701 |
||
| 942 | _cJRL | ||
| 999 |
_c7380 _d7378 |
||